On the structure and distribution of Coral reefs (Record no. 552628)
[ view plain ]
| 000 -LEADER | |
|---|---|
| fixed length control field | 01116cam a2200217Ma 4500 |
| 082 ## - DEWEY DECIMAL CLASSIFICATION NUMBER | |
| Classification number | 551.098 |
| Author Mark | BAR |
| 100 1# - MAIN ENTRY--PERSONAL NAME | |
| Personal name | Darwin, Charles, |
| 9 (RLIN) | 49882 |
| 245 10 - TITLE STATEMENT | |
| Title | On the structure and distribution of Coral reefs |
| Remainder of title | also geological observations on the volcanic islands and parts of South America visited during the voyage of H.M.S. Beagle / |
| Statement of responsibility, etc. | by Charles Darwin ; and a critical introduction to each work by John W. Judd. |
| 260 ## - PUBLICATION, DISTRIBUTION, ETC. | |
| Place of publication, distribution, etc. | London : |
| Name of publisher, distributor, etc. | Ward, Lock, Bowden, & Co., |
| Date of publication, distribution, etc. | [18--?] |
| 300 ## - PHYSICAL DESCRIPTION | |
| Extent | 1 online resource ([2], xx, 549, [6] p., v leaves of plates (some folded)) : |
| Other physical details | ill., maps. |
| 490 1# - SERIES STATEMENT | |
| Series statement | Minerva library of famous books |
| 490 1# - SERIES STATEMENT | |
| Series statement | Nineteenth Century Collections Online (NCCO): Science, Technology, and Medicine: 1780-1925 |
| 500 ## - GENERAL NOTE | |
| General note | Includes index. |
| 500 ## - GENERAL NOTE | |
| General note | Publisher's advertising: [6] p., 4th count. |
| 500 ## - GENERAL NOTE | |
| General note | Reproduction of the original from the Huntington Library. |
| 526 ## - STUDY PROGRAM INFORMATION NOTE | |
| Program name | 0 |
| Interest level | 0 |
| Reading level | 0 |
| Title point value | 551_098000000000000_BAR |
| 650 #0 - SUBJECT ADDED ENTRY--TOPICAL TERM | |
| Topical term or geographic name entry element | Coral reefs and islands. |
| 9 (RLIN) | 49883 |
| 700 1# - ADDED ENTRY--PERSONAL NAME | |
| Personal name | Judd, John W. |
| 9 (RLIN) | 49884 |
| 856 40 - ELECTRONIC LOCATION AND ACCESS | |
| Uniform Resource Identifier | <a href="http://www.columbia.edu/cgi-bin/cul/resolve?clio10759790">http://www.columbia.edu/cgi-bin/cul/resolve?clio10759790</a> |
| 942 ## - ADDED ENTRY ELEMENTS (KOHA) | |
| Source of classification or shelving scheme | |
| Koha item type | Book |
| Withdrawn status | Lost status | Source of classification or shelving scheme | Damaged status | Not for loan | Permanent Location | Current Location | Shelving location | Date acquired | Total Checkouts | Full call number | Barcode | Date last seen | Price effective from | Koha item type |
|---|---|---|---|---|---|---|---|---|---|---|---|---|---|---|
| Military College of Engineering (MCE) | Military College of Engineering (MCE) | 01/20/2015 | 551.098 BAR | MCE-ECV/1 | 01/20/2015 | 01/20/2015 | Book |
